| 000 | 00395nam a2200169Ia 4500 | ||
|---|---|---|---|
| 003 | 0STCL | ||
| 008 | 150530s9999 xx 000 0 und d | ||
| 040 |
_aSTCL _cSTCL |
||
| 100 | _aMahendra Bhatnagar | ||
| 245 | _aAdarsh Kahniyan | ||
| 260 |
_bSahiyhtya Prakashan Mandir ; Gwaliyar _c1960 |
||
| 300 | _a0 | ||
| 546 | _aHindi | ||
| 942 |
_2ddc _cBK |
||
| 999 |
_c63876 _d63876 |
||
| 005 | 20220125171233.0 | ||